La proprietà e le proprietà nell'officina dello storico.
保存先:
| 第一著者: | |
|---|---|
| フォーマット: | 図書 |
| 言語: | 英語 |
| 出版事項: |
Napoli, Italia:
Scientifica,
2006.
|
| シリーズ: | Pensiero Giuridico e Politico; Magistralia,
|
| 主題: | |
| タグ: |
タグ追加
タグなし, このレコードへの初めてのタグを付けませんか!
|
MARC
| LEADER | 00000nam a22000007a 4500 | ||
|---|---|---|---|
| 003 | CL-VaPUC | ||
| 005 | 20220822114526.0 | ||
| 008 | 220629b2006 ||||| |||| 00| 0 eng d | ||
| 999 | |c 436445 |d 436443 | ||
| 020 | |a 88-95152-05-0 | ||
| 040 | |c Pontificia Universidad Católica de Valparaíso | ||
| 082 | 7 | |a 346.04 GRO 2006 |2 22 | |
| 100 | |a Grossi, Paolo |9 619625 |e autore | ||
| 245 | |a La proprietà e le proprietà nell'officina dello storico. | ||
| 260 | |a Napoli, Italia: |b Scientifica, |c 2006. | ||
| 300 | |a 106 páginas. | ||
| 490 | |a Pensiero Giuridico e Politico; Magistralia, |n 1. | ||
| 500 | |a c.1 Donación Familia Prof. Alejandro Guzmán Brito. | ||
| 583 | |c 20220629 |k Catalogador Asistente | ||
| 650 | |a Propiedad |x Derecho |x Historia |9 871993 | ||
| 650 | |a Propiedad |9 255268 | ||
| 942 | |2 ddc |c BK |n 0 | ||
| 952 | |0 0 |1 0 |2 ddc |4 0 |6 346_040000000000000_GRO_2006 |7 1 |8 C_AGB |9 584104 |a BIBDER |b BIBDER |d 2022-06-29 |e Donación |i 5652244 |o 346.04 GRO 2006 |p 5652244 |r 2023-01-25 |t 1 |w 2022-06-29 |y BK_US |k AGB | ||